|
|
|
|
| LEADER |
01467cam a2200337 a 4500 |
| 001 |
17384704 |
| 005 |
20150913104202.0 |
| 008 |
120713s2012 bg a bs 000 0 eng |
| 010 |
|
|
|a 2012354822
|
| 020 |
|
|
|a 9847021400836
|
| 025 |
|
|
|a B-E-2012-354822; 27; 22-92
|
| 037 |
|
|
|b Library of Congress -- New Delhi Overseas Office
|
| 040 |
|
|
|a DLC
|c DLC
|d DLC
|
| 042 |
|
|
|a lcode
|a pcc
|
| 043 |
|
|
|a a-bg---
|
| 050 |
0 |
0 |
|a HD2346.B27
|b H38 2012
|
| 082 |
|
|
|a 338.642095492
|
| 100 |
1 |
|
|a Hasan, Mohammad Abul.
|9 14586
|
| 245 |
1 |
0 |
|a Development of women entrepreneurs in selected businesses :
|b a study on institutional supports /
|c by Mohammad Abul Hasan.
|
| 250 |
|
|
|a 1st ed.
|
| 260 |
|
|
|a Dhaka :
|b Hakkani Publishers,
|c 2012.
|
| 300 |
|
|
|a 240 p. :
|b ill. ;
|c 22 cm.
|
| 500 |
|
|
|a Originally presented as the author's thesis (Ph. D.--Rajshahi University, Bangladesh, 2012).
|
| 500 |
|
|
|a Includes statistical tables.
|
| 504 |
|
|
|a Includes bibliographical references (p. [203]-210).
|
| 650 |
|
0 |
|a Small business
|z Bangladesh.
|9 14587
|
| 650 |
|
0 |
|a Women-owned business enterprises
|z Bangladesh.
|9 14588
|
| 942 |
|
|
|2 ddc
|c BK
|
| 999 |
|
|
|c 35513
|d 35513
|
| 952 |
|
|
|0 0
|1 0
|2 ddc
|4 0
|6 338_642095492000000_HAS
|7 0
|9 55858
|a SCL
|b SCL
|c GEN
|d 2015-09-13
|g 210.00
|l 0
|o 338.642095492 HAS
|p 3020008299
|r 2015-09-13
|t 1
|w 2015-09-13
|y BK
|
| 952 |
|
|
|0 0
|1 0
|2 ddc
|4 0
|6 338_642095492000000_HAS
|7 0
|9 57353
|a SCL
|b SCL
|c GEN
|d 2015-12-22
|g 210.00
|l 0
|o 338.642095492 HAS
|p 3020008300
|r 2015-12-22
|t 2
|w 2015-12-22
|y BK
|